01002nam a2200241 a 4500003000200000005001700002008004100019050002900060100003100089245009200120260009300212300004100305504004100346650003300387650002200420650002500442650004200467650005300509650003800562942001400600999001700614952012900631020250213085039.0120723s19uu xx 00 eng d aPGS TX 553.E6b.Y83 2012 aYoussaf, Choudry Zeshan A. aDetermination of sugar content of different energy drinks /cChoudry Zeshan A. Youssaf. aLas Piñas City, Philippines : bSouthville International School and Colleges, c2012. a20 pages :billustrations ; c28 cm. aIncludes bibliographical references. aEnergy drinksvSugar content aSugarsvAnalysis. aBeveragesvAnalysis. aCarbohydratesvQuantitative analysis. aBenedict’s testvApplication in food analysis. aChemical tests for sugar content. 2lcccPASS c98770d98770 00102lcc40aLUXbLUXcPASSd2012-07-23eDONATIONl0oPGS TX 553.E6 .Y83 2012pP2871r2014-04-08 00:00:00w2014-04-08yPASS